000 00355pam a2200157a 44500
008 230515b2002 xxu||||| |||| 00| 0 eng d
020 _aNULL
041 _aENGLISH
082 _a510
100 _aBAPHANA.R.M.
245 _aAPPLIED MATHEMATICS-II
250 _a0
260 _aPUNE
_bTECHNOVA PUBLICTIONS
_c2002
300 _a12.16P.
650 _aNULL
999 _c593568
_d593568